000 01314nam a22003257a 4500
003 DO-SdBPM
005 20260623102613.0
007 ta
008 170117b2008 mx | 00| 0 spa d
020 _a9681912802
040 _a DO-SdBPM
_bspa
_cBPMSU
_erea
082 4 _a813.5
_bM817s 2008
_222
100 1 _aMcDonald, Megan
_eautor
_4aut.
_d
245 1 0 _aJudy Moody salva el planeta /
_cMegan McDonald, ilustraciones de Peter H. Reynolds
260 _c
264 _aBuenos Aires :
_bAfaguara ,
_c2008
300 _a [40] páginas :
_bilustraciones ;
_c24 cm.
336 _atexto
_btxt
_2rdacontent
337 _asin mediación
_bn
_2rdamedia
338 _avolumen
_bnc
_2rdacarrier
490 0 _aAlfaguara Infantil
505 0 _aConcurso de Curitas Locas.-- Locos por las cáscaras de plátano.-- El señor basura.-- Pumas y moluscos.-- Urgente, un escarabajo.-- El club se queda sin mascota.-- Luna dos.-- Locos por las curitas.-- Proyecto Lápiz.-- Locos por las botellas.-- La enfermedad del guiño
590 _aInventariado, 2026/VM
650 7 _aCuentos infantiles estadounidenses |
650 7 _aPlaneta
_vCuentos infantiles
650 7 _aLibros infantiles para niños
700 1 _a Reynolds, Peter H,
_eilustración
910 _aVMateo V. Control de calidad. BPMSU
942 _2ddc
_cBK
999 _c15938
_d15938